|
|
|
|
| LEADER |
00831nam a2200205 u 4500 |
| 001 |
10046727 |
| 003 |
GR-PaULI |
| 005 |
20240704094435.0 |
| 008 |
030512s1997 gr gre |
| 020 |
|
|
|a 9602021764
|
| 040 |
|
|
|a GR-PaULI
|c GR-PaULI
|b gre
|e AACR2
|
| 082 |
0 |
4 |
|a 770.949 507 4
|2 23
|
| 100 |
1 |
|
|a Kessel, Dmitri
|9 204625
|e συγγραφέας.
|
| 245 |
1 |
3 |
|a Ελλάδα του '44 /
|c Dmitri Kessel.
|
| 260 |
|
|
|a Αθήνα :
|b Άμμος,
|c 1997.
|
| 300 |
|
|
|a 152 σ. :
|b εικ. ;
|c 27 εκ.
|
| 651 |
|
4 |
|9 204626
|a Ελλάδα
|x Ιστορία
|x Εικονογραφημένα έργα.
|y 1944
|
| 942 |
|
|
|2 ddc
|c BK
|
| 952 |
|
|
|0 0
|1 0
|2 ddc
|4 0
|6 770_949000000000000_507_4_KES
|7 0
|9 381670
|a LISP
|b LISP
|c DON
|d 2024-07-04
|e ΜΑΡ
|i 366661
|l 0
|o 770.949 507 4 KES
|p 025000312572
|r 2024-07-04 00:00:00
|t 1
|w 2024-07-04
|y BKN
|
| 999 |
|
|
|c 221779
|d 221779
|